| 000 | 00000nam 2200000za 4500 |
| 001 | 9.845601 |
| 003 | CaOODSP |
| 005 | 20221107153014 |
| 007 | cr ||||||||||| |
| 008 | 171017s1972 onc oab f000 0 fre d |
| 040 | |aCaOODSP|bfre |
| 041 | |aeng|afre |
| 043 | |an-cn--- |
| 086 | 1 |aCS11-506/1971-1-PDF |
| 245 | 00|a1971 Census catalogue |h[ressource électronique] : |bpopulation, housing, agriculture / |cStatistics Canada, Census Division. |
| 246 | 15|aPublications du Recensement de 1971 : |bpopulation, logement, agriculture |
| 246 | 1 |iTitre de la couverture additionelle : |aPublications du Recensement de 1971 : |bpopulation, logement, agriculture, emploi |
| 250 | |a1ère éd. |
| 260 | |aOttawa : |bInformation Canada, |c1972. |
| 300 | |a37, 37 p. |
| 500 | |a« January 1972. » |
| 500 | |aÉdition numérisée de l'imprimé [par Statistique Canada]. |
| 504 | |aComprend des références bibliographiques. |
| 520 | |a« Les résultats définitifs du onzième recensement décennal du Canada sont publiés sous diverses formes, dont on trouvera une brève description ci-après. Ce catalogue provisoire donne une liste partielle des principaux résultats qui seront publiés sous forme de bulletins. On trouvera le répertoire complet clans une édition ultérieure »--p. [5]. |
| 530 | |aÉgalement publ. en version imprimée. |
| 546 | |aTexte en anglais et en français. |
| 692 | 07|2gccst|aRecensement |
| 692 | 07|2gccst|aDonnées du recensement |
| 692 | 07|2gccst|aBibliographie |
| 692 | 07|2gccst|aCatalogue |
| 710 | 1 |aCanada. |bStatistique Canada.|bDivision du recensement. |
| 791 | |t1971 Census catalogue |eeng|w(CaOODSP)9.845598 |
| 794 | |t1971 Census catalogue |w(CaOODSP)9.845603 |
| 856 | 40|qPDF|s6.34 Mo|uhttps://publications.gc.ca/collections/collection_2017/statcan/11-506/CS11-506-1971-1.pdf |
| 986 | |a11-506 |